[Event "Politiken Cup"]
[Site "Copenhagen"]
[Date "2006.07.25"]
[Round "4.64"]
[White "Moller, Arne"]
[Black "Schmied, Andreas"]
[Result "0-1"]
[WhiteElo "1901"]
[BlackElo "2062"]
[PlyCount "62"]
[EventDate "2006.??.??"]

1. e4 c5 2. Nf3 e6 3. d4 cxd4 4. Nxd4 Nc6 5. Nxc6 bxc6 6. Bd3 d5 7. O-O Bd6 8.
f4 Ne7 9. Nc3 Bd7 10. Qf3 f5 11. exf5 exf5 12. Be3 O-O 13. Rae1 Qc7 14. Ne2
Rae8 15. c4 Qa5 16. Nc3 Kh8 17. Kh1 Bb4 18. Bd4 c5 19. Be5 d4 20. Bd6 Bc6 21.
Qg3 Qd8 22. Bxe7 Rxe7 23. Rxe7 Qxe7 24. Nd5 Qb7 25. Nxb4 Qxb4 26. Re1 Qxb2 27.
Rb1 Qxa2 28. Bxf5 Qxc4 29. Qh3 h6 30. Qh5 Qd5 31. Qg6 Qxf5 0-1

[Event "Politiken Cup"]
[Site "Copenhagen"]
[Date "2006.07.25"]
[Round "4.65"]
[White "Reppen, Ellisiv"]
[Black "Eriksson, Christian"]
[Result "0-1"]
[WhiteElo "1890"]
[BlackElo "1982"]
[PlyCount "98"]
[EventDate "2006.??.??"]

1. e4 c5 2. Nf3 Nc6 3. d4 cxd4 4. Nxd4 Nf6 5. Nc3 e5 6. Ndb5 d6 7. Bg5 a6 8.
Na3 b5 9. Nd5 Qa5+ 10. Bd2 Qd8 11. Bg5 Be7 12. Bxf6 Bxf6 13. c3 O-O 14. Nc2 Bg5
15. a4 bxa4 16. Rxa4 a5 17. Nce3 Rb8 18. Nc4 f5 19. Be2 fxe4 20. Bg4 Ba6 21.
Qc2 Bb5 22. O-O Bxa4 23. Qxa4 Ne7 24. Be6+ Kh8 25. Nxe7 Qxe7 26. Qd7 Rfd8 27.
Qxe7 Bxe7 28. Nxa5 Rb6 29. Nc4 Rb5 30. b4 g6 31. Re1 Kg7 32. Na3 Rb6 33. Nc4
Rbb8 34. Na5 Rb6 35. Nc4 Ra6 36. Bd5 Rb8 37. Bxe4 Ra2 38. Na5 Bg5 39. Nc6 Rf8
40. Rf1 Rfxf2 41. h3 Be3 42. Rxf2 Rxf2 43. Kh2 Rd2 44. c4 Bf4+ 45. Kg1 Bg3 46.
Kf1 Rf2+ 47. Kg1 Re2 48. Bd3 Rd2 49. Bf1 e4 0-1

[Event "Politiken Cup"]
[Site "Copenhagen"]
[Date "2006.07.25"]
[Round "4.66"]
[White "Wurtz, Jacob"]
[Black "Roelvaag, Mikael"]
[Result "0-1"]
[WhiteElo "2001"]
[BlackElo "2282"]
[PlyCount "40"]
[EventDate "2006.??.??"]

1. c4 Nf6 2. Nc3 g6 3. e4 d6 4. Nf3 Bg7 5. d4 O-O 6. Be2 c5 7. O-O Nc6 8. dxc5
dxc5 9. Qxd8 Rxd8 10. Nd5 Nxe4 11. Re1 Nf6 12. Nc7 Rb8 13. Bf4 Bf5 14. Ne5 Nd4
15. Rac1 a6 16. h3 h5 17. b3 Rbc8 18. Nf3 Be4 19. Nd2 Bc6 20. Nf1 e6 0-1

[Event "Politiken Cup"]
[Site "Copenhagen"]
[Date "2006.07.25"]
[Round "4.67"]
[White "Grassie, Duncan"]
[Black "Hernandez Castro, Julio Cesar"]
[Result "1-0"]
[WhiteElo "2042"]
[BlackElo "1916"]
[PlyCount "82"]
[EventDate "2006.??.??"]

1. d4 Nf6 2. Bg5 e6 3. e4 h6 4. Bxf6 Qxf6 5. Qd2 d5 6. e5 Qd8 7. f4 c5 8. c3
cxd4 9. cxd4 Nc6 10. Nf3 Bb4 11. Nc3 Qa5 12. Bd3 Bd7 13. Rc1 Rc8 14. a3 Be7 15.
O-O a6 16. Kh1 b5 17. g4 Qb6 18. Qf2 h5 19. gxh5 Rxh5 20. Rg1 Bf8 21. f5 Ne7
22. f6 gxf6 23. exf6 Nf5 24. Rg8 Nh6 25. Rxf8+ Kxf8 26. Qg3 Ke8 27. Bg6 Nf5 28.
Bxf5 Kd8 29. Ne5 Be8 30. Bg6 fxg6 31. f7 Bxf7 32. Nxf7+ Ke7 33. Qxg6 Rf5 34.
Re1 Rxc3 35. Qxf5 Rb3 36. Qg5+ Kxf7 37. Rf1+ Ke8 38. Qg8+ Kd7 39. Rf7+ Kd6 40.
Qf8+ Kc6 41. Qe8+ Kd6 1-0

[Event "Politiken Cup"]
[Site "Copenhagen"]
[Date "2006.07.25"]
[Round "4.68"]
[White "Jensen, Paul Johan"]
[Black "Hayes, Stuart"]
[Result "1-0"]
[WhiteElo "1893"]
[BlackElo "2039"]
[PlyCount "71"]
[EventDate "2006.??.??"]

1. c4 Nf6 2. g3 c6 3. Bg2 d5 4. cxd5 cxd5 5. Nf3 Nc6 6. d4 Qa5+ 7. Bd2 Qb6 8.
Bc3 Bf5 9. O-O e6 10. a3 Be7 11. Nbd2 O-O 12. h3 h6 13. Rc1 Ne4 14. Qa4 Bf6 15.
e3 Be7 16. Nxe4 Bxe4 17. b4 a6 18. Nd2 Bxg2 19. Kxg2 Rfc8 20. Nb3 Qd8 21. Nc5
Rc7 22. Nxb7 Rxb7 23. Qxc6 Rb6 24. Qa4 Bf8 25. Rc2 h5 26. Rfc1 h4 27. Be1 hxg3
28. fxg3 Qg5 29. Bf2 Qf5 30. Rc8 Qe4+ 31. Kg1 Rxc8 32. Rxc8 Qb1+ 33. Kg2 Qe4+
34. Kf1 Qd3+ 35. Ke1 g6 36. Qe8 1-0

[Event "Politiken Cup"]
[Site "Copenhagen"]
[Date "2006.07.25"]
[Round "4.69"]
[White "Danielsson, Robert"]
[Black "Jensen, Søren Holm"]
[Result "1/2-1/2"]
[WhiteElo "2037"]
[BlackElo "1902"]
[PlyCount "60"]
[EventDate "2006.??.??"]

1. d4 d5 2. c4 e6 3. Nc3 Be7 4. cxd5 exd5 5. Bf4 Nf6 6. e3 O-O 7. Bd3 c5 8. Nf3
Nc6 9. h3 cxd4 10. exd4 Bb4 11. O-O Bxc3 12. bxc3 Be6 13. Rb1 Qd7 14. Qc2 h6
15. Ne5 Nxe5 16. Bxe5 Ne8 17. a4 b6 18. a5 Qc6 19. axb6 axb6 20. Qb3 Rc8 21.
Rfc1 Nd6 22. Bxd6 Qxd6 23. Qxb6 Rc6 24. Qb4 Qf4 25. Qa4 Rfc8 26. Qd1 Rxc3 27.
Rxc3 Rxc3 28. g3 Qc7 29. Bf1 Qc8 30. h4 Bf5 1/2-1/2

[Event "Politiken Cup"]
[Site "Copenhagen"]
[Date "2006.07.25"]
[Round "4.70"]
[White "Nielsen, Palle"]
[Black "Quinn, David"]
[Result "0-1"]
[WhiteElo "1873"]
[BlackElo "2035"]
[PlyCount "96"]
[EventDate "2006.??.??"]

1. e4 e5 2. Bc4 Nf6 3. d3 d5 4. exd5 Nxd5 5. Nf3 Nc6 6. O-O Nb6 7. Bb3 Bd6 8.
Ng5 Be6 9. Bxe6 fxe6 10. Qh5+ g6 11. Qg4 Qd7 12. Qxe6+ Qxe6 13. Nxe6 Kd7 14.
Ng5 Nd4 15. Nc3 Raf8 16. Nge4 Nxc2 17. Rb1 h6 18. a3 g5 19. Bd2 Rf7 20. Nxd6
cxd6 21. Rbc1 Nd4 22. Be3 Nb3 23. Rc2 Rc8 24. Bxb6 axb6 25. Re2 Ke6 26. Rfe1
Nd4 27. Rd2 Rf4 28. Re4 Rf7 29. Rd1 Rcf8 30. Rf1 Nb3 31. Re2 Rf4 32. Re4 Nc5
33. Re3 d5 34. Ne2 R4f7 35. d4 Ne4 36. f3 g4 37. dxe5 Kxe5 38. f4+ Kd6 39. g3
Nd2 40. Rd1 Nf3+ 41. Kg2 Rc8 42. Nc3 d4 43. Ne4+ Kd5 44. Nf2 Rc2 45. Rb3 Re7
46. Rxf3 gxf3+ 47. Kxf3 Re3+ 48. Kg2 Ree2 0-1

[Event "Politiken Cup"]
[Site "Copenhagen"]
[Date "2006.07.25"]
[Round "4.71"]
[White "Nielsen, Jens Holm"]
[Black "Stangeland, Karle"]
[Result "0-1"]
[WhiteElo "2034"]
[BlackElo "1886"]
[PlyCount "104"]
[EventDate "2006.??.??"]

1. f4 c5 2. Nf3 Nc6 3. e3 g6 4. d3 Bg7 5. c3 d5 6. Be2 Nf6 7. O-O O-O 8. h3 Qd6
9. d4 Ne4 10. Qe1 a6 11. Nbd2 Nxd2 12. Bxd2 Bf5 13. Nh4 Be4 14. Bf3 f5 15. g4
e6 16. g5 Kf7 17. Ng2 h6 18. Bxe4 dxe4 19. gxh6 Bf6 20. Qe2 Rh8 21. dxc5 Qxc5
22. b4 Qe7 23. Kf2 Rxh6 24. Ke1 Nxb4 25. cxb4 Bxa1 26. Qd1 Bf6 27. Qb3 Rc8 28.
b5 axb5 29. Ke2 Rhh8 30. Bb4 Qc7 31. Rd1 Qc2+ 32. Rd2 Qxb3 33. axb3 Rhd8 34.
Rxd8 Rxd8 35. Ne1 Rh8 36. Bd2 Rxh3 37. Nc2 Rh2+ 38. Kd1 Rh1+ 39. Ke2 Rb1 40. b4
Rb2 41. Nd4 Bxd4 42. exd4 Ke7 43. Kd1 Kd6 44. Kc1 Rb3 45. Kc2 Rd3 46. Bc3 Kd5
47. Bb2 Kc4 48. d5 exd5 49. Be5 e3 50. Bc3 Rxc3+ 51. Kd1 Kd3 52. Ke1 Rc1# 0-1

[Event "Politiken Cup"]
[Site "Copenhagen"]
[Date "2006.07.25"]
[Round "4.72"]
[White "Hansen, Herluf"]
[Black "Lindström, Per-Ove"]
[Result "1-0"]
[WhiteElo "2028"]
[BlackElo "1858"]
[PlyCount "59"]
[EventDate "2006.??.??"]

1. d4 Nf6 2. c4 g6 3. Nc3 Bg7 4. e4 d6 5. f4 O-O 6. Nf3 c5 7. d5 e6 8. Be2 exd5
9. cxd5 Re8 10. Nd2 a6 11. a4 Nbd7 12. O-O Rb8 13. a5 b5 14. axb6 Qxb6 15. Nc4
Qc7 16. Bf3 Rb4 17. Na5 c4 18. Nc6 Qb6+ 19. Kh1 Rb3 20. Na4 Qc7 21. Qc2 Nb6 22.
Nxb6 Qxb6 23. Ra4 Nd7 24. Rxc4 Bb7 25. Be2 Nc5 26. e5 Bxc6 27. dxc6 Rc8 28. Bf3
Bf8 29. Bd5 dxe5 30. Rxc5 1-0

[Event "Politiken Cup"]
[Site "Copenhagen"]
[Date "2006.07.25"]
[Round "4.73"]
[White "Jensen, Soren"]
[Black "Zachariassen, John"]
[Result "0-1"]
[WhiteElo "2028"]
[BlackElo "1831"]
[PlyCount "48"]
[EventDate "2006.??.??"]

1. Nf3 Nf6 2. g3 g6 3. b4 Bg7 4. Bb2 O-O 5. Bg2 d5 6. O-O Na6 7. a3 c5 8. bxc5
Nxc5 9. Nc3 Re8 10. d4 Ncd7 11. a4 Nb6 12. Nb5 Nc4 13. Bc3 Ne4 14. Bb4 Bd7 15.
Na3 Nb2 16. Qb1 Nxa4 17. c4 e6 18. e3 a5 19. Be1 Rb8 20. cxd5 exd5 21. Nb5 Qb6
22. Rxa4 Qxb5 23. Qa2 Qxa4 24. Qxd5 Bb5 0-1

[Event "Politiken Cup"]
[Site "Copenhagen"]
[Date "2006.07.25"]
[Round "4.74"]
[White "Omarsson, Dadi"]
[Black "Pedersen, Audun"]
[Result "1/2-1/2"]
[WhiteElo "1830"]
[BlackElo "2028"]
[PlyCount "73"]
[EventDate "2006.??.??"]

1. e4 e6 2. d4 d5 3. e5 c5 4. c3 Nc6 5. Nf3 Bd7 6. Be2 f6 7. O-O cxd4 8. cxd4
fxe5 9. dxe5 Bc5 10. Nc3 a6 11. Bf4 Nge7 12. Bd3 Qc7 13. Rc1 Ba7 14. Bg3 g6 15.
b4 Qb6 16. a3 Nd4 17. Bh4 Rf8 18. Ng5 Ndf5 19. Qg4 Qd4 20. Bxf5 Nxf5 21. Qxd4
Bxd4 22. Bg3 Nxg3 23. hxg3 Rc8 24. Ne2 Rxc1 25. Nxc1 Bxe5 26. Nxh7 Rf5 27. g4
Rf4 28. Nd3 Re4 29. Nxe5 Rxe5 30. f4 Re3 31. Rf3 Rxf3 32. gxf3 Ke7 33. Kf2 d4
34. Ke2 Kd6 35. Kd3 Bc6 36. Kxd4 Bxf3 37. Nf6 1/2-1/2

[Event "Politiken Cup"]
[Site "Copenhagen"]
[Date "2006.07.25"]
[Round "4.75"]
[White "Tandrup, Michael"]
[Black "Sande, Odmund"]
[Result "1/2-1/2"]
[WhiteElo "2028"]
[BlackElo "1825"]
[PlyCount "39"]
[EventDate "2006.??.??"]

1. e4 c6 2. d4 d5 3. exd5 cxd5 4. Bd3 Nc6 5. c3 Nf6 6. Bf4 e6 7. Nf3 Bd6 8. Ne5
Qc7 9. Qe2 Nd7 10. Nxc6 Bxf4 11. Nb4 Nf6 12. Nc2 O-O 13. Nd2 e5 14. dxe5 Re8
15. O-O-O Bxe5 16. Qf1 d4 17. c4 Be6 18. Nf3 b5 19. Nxe5 Qxe5 20. Kb1 1/2-1/2

[Event "Politiken Cup"]
[Site "Copenhagen"]
[Date "2006.07.25"]
[Round "4.76"]
[White "Preuss, Flemming"]
[Black "Christensen, Svend Ib"]
[Result "1-0"]
[WhiteElo "2023"]
[BlackElo "1636"]
[PlyCount "67"]
[EventDate "2006.??.??"]

1. e4 d6 2. d4 Nf6 3. Nc3 Nc6 4. f3 a6 5. Be3 e6 6. Qd2 Be7 7. g4 h6 8. Nge2
Nh7 9. O-O-O g5 10. Ng3 Na7 11. Kb1 Bd7 12. Bd3 c6 13. Rhf1 Qa5 14. Nh5 O-O-O
15. Nd5 Qxd2 16. Nxe7+ Kb8 17. Rxd2 Rde8 18. Nxc6+ Nxc6 19. e5 f5 20. exd6 Nb4
21. Be2 Nd5 22. Bg1 f4 23. c4 Ndf6 24. Nxf6 Nxf6 25. Bd3 Rc8 26. Re2 Ne8 27. c5
Ng7 28. d5 e5 29. Rxe5 Rhe8 30. Rfe1 Rxe5 31. Rxe5 Re8 32. Bd4 Rxe5 33. Bxe5
Ne8 34. Be4 1-0

[Event "Politiken Cup"]
[Site "Copenhagen"]
[Date "2006.07.25"]
[Round "4.77"]
[White "Christensen, Jim L"]
[Black "Hansen, Morten Lyck"]
[Result "1/2-1/2"]
[WhiteElo "1672"]
[BlackElo "2009"]
[PlyCount "86"]
[EventDate "2006.??.??"]

1. e4 c6 2. f4 d5 3. e5 Bf5 4. Nf3 e6 5. c3 a6 6. Be2 c5 7. d3 Nc6 8. Nbd2 Nge7
9. Nh4 Bg6 10. Ndf3 Nf5 11. Nxf5 Bxf5 12. O-O Be7 13. Bd2 O-O 14. h3 Qd7 15. g4
Bg6 16. Qe1 f5 17. Qg3 d4 18. c4 b5 19. b3 bxc4 20. bxc4 Rab8 21. Rab1 Rxb1 22.
Rxb1 Rb8 23. Qe1 Qc7 24. Kg2 Rb7 25. Qd1 Qb8 26. Rb3 Rxb3 27. Qxb3 Qxb3 28.
axb3 Bd8 29. Kg3 Ba5 30. g5 Bh5 31. Bxa5 Nxa5 32. Bd1 Kf7 33. Kf2 Bxf3 34. Kxf3
Ke7 35. Ke2 Kd7 36. Kd2 Nc6 37. Bc2 Kc7 38. Kc1 Kb6 39. h4 g6 40. Kb2 Ka5 41.
Ka3 Nb4 42. Bb1 Nc6 43. Bc2 Nb4 1/2-1/2

[Event "Politiken Cup"]
[Site "Copenhagen"]
[Date "2006.07.25"]
[Round "4.78"]
[White "Nguyen, Michael"]
[Black "Snähre, Stig Allan"]
[Result "1-0"]
[WhiteElo "2009"]
[BlackElo "1594"]
[PlyCount "89"]
[EventDate "2006.??.??"]

1. c4 c5 2. g3 g6 3. Bg2 Bg7 4. Nc3 Nc6 5. a3 e6 6. b4 cxb4 7. axb4 Nxb4 8. Ba3
Nc6 9. Nb5 Be5 10. d4 Bb8 11. d5 exd5 12. Bb2 f6 13. Bxd5 a6 14. Qc2 Na7 15.
Qe4+ Qe7 16. Bxb7 Qxe4 17. Bxe4 Nc6 18. Nf3 Bb7 19. Nc3 Nge7 20. Na4 Rf8 21.
O-O f5 22. Bc2 Bc7 23. Ng5 h6 24. Nf3 Rf7 25. Nc5 Bc8 26. Bc3 d6 27. Nb3 Ne5
28. Nxe5 dxe5 29. Nc5 Ng8 30. Ba4+ Kf8 31. Bc6 Ra7 32. Rfd1 Nf6 33. Nd3 e4 34.
Ne5 Bxe5 35. Rd8+ Kg7 36. Bxe5 Be6 37. Bd5 Bxd5 38. cxd5 Rad7 39. Rxd7 Rxd7 40.
Rxa6 Kf7 41. Rxf6+ Ke7 42. Rxg6 Rxd5 43. Bf4 Rd1+ 44. Kg2 Rd5 45. Rxh6 1-0

[Event "Politiken Cup"]
[Site "Copenhagen"]
[Date "2006.07.25"]
[Round "4.79"]
[White "Petersen, Nils"]
[Black "Christensen, Emilie Ellegaard"]
[Result "0-1"]
[WhiteElo "2007"]
[BlackElo "1509"]
[PlyCount "76"]
[EventDate "2006.??.??"]

1. c4 Nc6 2. d4 e5 3. d5 Nce7 4. Nc3 Nf6 5. e4 Ng6 6. g3 a6 7. Bg2 Bc5 8. h3 d6
9. Qe2 O-O 10. Be3 Bxe3 11. Qxe3 Nh5 12. Bf3 Nf6 13. Nge2 h6 14. O-O-O Bd7 15.
Bg2 Nh7 16. f4 f5 17. exf5 Bxf5 18. Be4 Qd7 19. Bxf5 Rxf5 20. fxe5 Nxe5 21. Nd4
Rf7 22. b3 Re8 23. Rde1 Ree7 24. Ne4 c5 25. dxc6 bxc6 26. g4 d5 27. Nc5 Qa7 28.
Nce6 c5 29. Qxe5 cxd4 30. Qxd5 Rd7 31. Qc5 d3 32. Ref1 Qb7 33. Rhg1 d2+ 34. Kd1
Qe4 35. Qc8+ Nf8 36. Rxf7 Qb1+ 37. Ke2 d1=Q+ 38. Rxd1 Qxd1+ 0-1

[Event "Politiken Cup"]
[Site "Copenhagen"]
[Date "2006.07.25"]
[Round "4.80"]
[White "Al-Saad, Mofid"]
[Black "Pluemer, Detlef"]
[Result "0-1"]
[WhiteElo "1822"]
[BlackElo "2237"]
[PlyCount "158"]
[EventDate "2006.??.??"]

1. d4 e6 2. g3 f5 3. Bg2 Nf6 4. Nf3 Be7 5. O-O O-O 6. c4 d6 7. Nc3 Ne4 8. Qb3
Nxc3 9. Qxc3 a5 10. a4 Nc6 11. h4 h6 12. Bf4 Bf6 13. Rad1 Qe8 14. Qb3 Kh8 15.
Rfe1 e5 16. dxe5 dxe5 17. Bc1 e4 18. Nh2 Nd4 19. Qa2 Nc2 20. Rf1 Nb4 21. Qb1
Qxa4 22. b3 Qa2 23. Bf4 Qxb1 24. Rxb1 Na6 25. Rfd1 Be6 26. f3 exf3 27. Nxf3
Rad8 28. Ne5 Bxe5 29. Bxe5 Bc8 30. Bf3 Rfe8 31. Bc3 b6 32. Bh5 Rf8 33. Be5 Bb7
34. Rd3 Be4 35. Rxd8 Rxd8 36. Rb2 Kh7 37. Kf2 g6 38. Bf3 Re8 39. Bf4 Re7 40.
Bxe4 Rxe4 41. Rd2 Re7 42. Rd8 Nc5 43. Bd2 Rd7 44. Rxd7+ Nxd7 45. b4 axb4 46.
Bxb4 Kg7 47. Ke3 Kf7 48. Bc3 Ke6 49. Bg7 Nf6 50. Kd3 h5 51. Bh6 c6 52. Bf4 b5
53. Kd4 bxc4 54. Kxc4 Nd5 55. Bb8 Nb6+ 56. Kd3 Nd7 57. Bc7 Kd5 58. Bf4 Nc5+ 59.
Kc3 Ne4+ 60. Kd3 c5 61. Kc2 c4 62. Bb8 Nd6 63. Kc3 Nb5+ 64. Kb4 Nd4 65. Kc3
Nxe2+ 66. Kd2 Nd4 67. Kc3 Ne6 68. Kd2 Nc5 69. Kc3 Ne4+ 70. Kc2 Kc5 71. Ba7+ Kb4
72. Bb8 c3 73. Be5 Kc4 74. Bf4 Nf6 75. Be5 Nd5 76. Bg7 Nb4+ 77. Kd1 Kd3 78. Bh6
Na2 79. Ke1 c2 0-1

[Event "Politiken Cup"]
[Site "Copenhagen"]
[Date "2006.07.25"]
[Round "4.82"]
[White "Olsen, Aage"]
[Black "Berstad, Joerund"]
[Result "1/2-1/2"]
[WhiteElo "2121"]
[BlackElo "1883"]
[PlyCount "118"]
[EventDate "2006.??.??"]

1. e4 c5 2. d4 cxd4 3. c3 dxc3 4. Nxc3 Nc6 5. Nf3 d6 6. Bc4 e6 7. O-O Be7 8.
Qe2 a6 9. a4 Qa5 10. Rd1 Nf6 11. Bd2 Qh5 12. Qf1 O-O 13. Be2 Ng4 14. Bf4 Rd8
15. h3 Nh6 16. g4 Qg6 17. g5 Bxg5 18. Nxg5 f6 19. Qg2 fxg5 20. Bxd6 e5 21. Bc7
Rxd1+ 22. Rxd1 Nd4 23. Bc4+ Be6 24. Nd5 Qh5 25. Ra1 Kh8 26. Bf1 Nf3+ 27. Kh1
Rf8 28. Bd6 Rf7 29. Ne3 g4 30. Qg3 gxh3 31. Be2 Qh4 32. Bxe5 Qxe4 33. Bxf3
Qxf3+ 34. Qxf3 Rxf3 35. Kg1 Nf5 36. Nxf5 Rxf5 37. Re1 Rg5+ 38. Bg3 Rg6 39. Rd1
h5 40. Kh2 Kh7 41. Rd8 Rg4 42. Re8 Bf5 43. f3 Rd4 44. Be5 Rd2+ 45. Kg1 Rg2+ 46.
Kh1 Rf2 47. Re7 Rxf3 48. Bxg7 Rf1+ 49. Kh2 Rf2+ 50. Kh1 Kg6 51. Bd4 Rf4 52. Bc3
Be4+ 53. Kh2 Bg2 54. Re5 Rf1 55. Re1 Rxe1 56. Bxe1 Kf5 57. Bg3 Ke4 58. Be1 Kd5
59. Bc3 Kc5 1/2-1/2

[Event "Politiken Cup"]
[Site "Copenhagen"]
[Date "2006.07.25"]
[Round "4.83"]
[White "Jensen, Mads"]
[Black "Nielsen, Frode B"]
[Result "0-1"]
[WhiteElo "1852"]
[BlackElo "2098"]
[PlyCount "62"]
[EventDate "2006.??.??"]

1. d4 Nf6 2. c4 c5 3. d5 e6 4. Nc3 exd5 5. cxd5 d6 6. e4 g6 7. Bg5 Bg7 8. Bd3
O-O 9. Qd2 Nbd7 10. Nf3 a6 11. a4 Re8 12. O-O Qc7 13. Rfe1 Ng4 14. h3 Nge5 15.
Be2 Nxf3+ 16. Bxf3 Ne5 17. Be2 f5 18. Qf4 Nf7 19. Bd3 h6 20. exf5 Rxe1+ 21.
Rxe1 Be5 22. Qe3 Nxg5 23. f4 Bd4 24. fxg5 Bxf5 25. Ne4 Bxe4 26. Bxe4 Re8 27.
Qxd4 cxd4 28. gxh6 d3 29. h7+ Kxh7 30. Bxg6+ Kxg6 31. Rxe8 d2 0-1

[Event "Politiken Cup"]
[Site "Copenhagen"]
[Date "2006.07.25"]
[Round "4.84"]
[White "Fogh, Jens Olaf Svanholm"]
[Black "Traerup, Jorgen"]
[Result "0-1"]
[WhiteElo "2093"]
[BlackElo "1855"]
[PlyCount "62"]
[EventDate "2006.??.??"]

1. d4 Nf6 2. Nf3 c6 3. e3 d6 4. b3 Bg4 5. Bb2 Nbd7 6. Nbd2 e5 7. h3 Bh5 8. g4
Bg6 9. dxe5 dxe5 10. Nxe5 Qa5 11. Nxd7 Nxd7 12. Bg2 O-O-O 13. O-O h5 14. Nc4
Qg5 15. Qf3 hxg4 16. hxg4 f5 17. gxf5 Qh4 18. Qg3 Bxf5 19. Qxh4 Rxh4 20. Rac1
Rg4 21. f3 Rg5 22. Kf2 Nf6 23. Ne5 Rd2+ 24. Ke1 Rgxg2 25. Rh1 Rh2 26. e4 Bh3
27. Rxh2 Rxh2 28. Ng6 Bb4+ 29. c3 Bc5 30. b4 Be3 31. Rb1 Rh1+ 0-1

[Event "Politiken Cup"]
[Site "Copenhagen"]
[Date "2006.07.25"]
[Round "4.85"]
[White "Skjoldager, Flemming"]
[Black "Jacobsen, Maria Pitz"]
[Result "1/2-1/2"]
[WhiteElo "2067"]
[BlackElo "1848"]
[PlyCount "74"]
[EventDate "2006.??.??"]

1. e4 e5 2. Nf3 Nc6 3. Bb5 a6 4. Ba4 Nf6 5. d4 exd4 6. O-O Nxe4 7. Re1 d5 8.
Nxd4 Bd6 9. g3 O-O 10. Nxc6 Qf6 11. Qd4 bxc6 12. Qxf6 Nxf6 13. Bxc6 Rb8 14. b3
Rb6 15. Ba4 Ne4 16. Ba3 c5 17. f3 Ng5 18. Nd2 Bf5 19. Rac1 Ne6 20. c3 Rc8 21.
Kf2 c4 22. Bxd6 Rxd6 23. bxc4 Nc5 24. Bb3 Nd3+ 25. Kg2 Nxc1 26. Rxc1 dxc4 27.
Nxc4 Rdc6 28. Ne3 Be6 29. c4 Rd8 30. Rc2 Rcd6 31. Nd5 Bxd5 32. cxd5 h6 33. Kf2
a5 34. Rd2 Ra8 35. Ba4 Raa6 36. Ke3 Kf8 37. Kd4 Rd8 1/2-1/2

[Event "Politiken Cup"]
[Site "Copenhagen"]
[Date "2006.07.25"]
[Round "4.86"]
[White "Jacobsen, Per"]
[Black "Mølvig, Julius"]
[Result "1-0"]
[WhiteElo "1508"]
[BlackElo "1000"]
[PlyCount "67"]
[EventDate "2006.??.??"]

1. b3 Nf6 2. Bb2 g6 3. Nf3 Bg7 4. c4 O-O 5. e3 d5 6. d4 Bf5 7. Nbd2 Nc6 8. cxd5
Qxd5 9. Bc4 Qd7 10. O-O Nb4 11. Bc3 Nc2 12. Rc1 Na3 13. Be2 Nb5 14. Ne5 Qd5 15.
Bc4 Nxc3 16. Rxc3 Qa5 17. Rc1 Qxa2 18. Ra1 Qc2 19. Qe1 Ne4 20. Nxe4 Bxe4 21.
Qb4 Bxe5 22. dxe5 e6 23. Rac1 Qb2 24. Be2 Qxe5 25. f4 Qd5 26. Rfd1 Qf5 27. Rc5
a5 28. Qc3 Bd5 29. Rxc7 Rac8 30. Rxc8 Rxc8 31. Qxc8+ Kg7 32. Qc3+ Kg8 33. Bf3
Bxf3 34. Rd8# 1-0

[Event "Politiken Cup"]
[Site "Copenhagen"]
[Date "2006.07.25"]
[Round "4.87"]
[White "Di Paolo, Marco"]
[Black "Christensen, Verner"]
[Result "0-1"]
[WhiteElo "2060"]
[BlackElo "1846"]
[PlyCount "54"]
[EventDate "2006.??.??"]

1. e4 e5 2. Nc3 Nf6 3. Bc4 Nxe4 4. Qh5 Nd6 5. Bb3 Nc6 6. Nb5 g6 7. Qf3 f5 8.
Qd5 Qf6 9. Nxc7+ Kd8 10. Nxa8 Bh6 11. Ne2 b6 12. Nxb6 axb6 13. Qf3 Re8 14. O-O
e4 15. Qc3 Ne5 16. Nd4 Bb7 17. d3 f4 18. dxe4 Nxe4 19. Qb4 f3 20. Bxh6 fxg2 21.
f3 gxf1=Q+ 22. Rxf1 Ng5 23. h4 Ngxf3+ 24. Nxf3 Nxf3+ 25. Rxf3 Qxf3 26. Qxb6+
Kc8 27. Qc5+ Bc6 0-1

[Event "Politiken Cup"]
[Site "Copenhagen"]
[Date "2006.07.25"]
[Round "4.88"]
[White "Schmidt, Horst Hubert"]
[Black "Lie, Terje"]
[Result "0-1"]
[WhiteElo "2042"]
[BlackElo "1842"]
[PlyCount "66"]
[EventDate "2006.??.??"]

1. Nf3 Nf6 2. d4 e6 3. c4 d5 4. Nc3 Bb4 5. a3 Bxc3+ 6. bxc3 b6 7. Bg5 Bb7 8. e3
O-O 9. cxd5 Bxd5 10. Bd3 h6 11. Bxf6 Qxf6 12. e4 Bb7 13. O-O Nd7 14. Qa4 Rfd8
15. Rac1 c5 16. Rfd1 Qe7 17. Bb5 Bxe4 18. Ne5 Nxe5 19. dxe5 Rxd1+ 20. Rxd1 Bg6
21. Rd7 Qg5 22. f4 Qg4 23. Bc6 Qe2 24. h3 Qe3+ 25. Kh1 Rf8 26. Rxa7 Qxc3 27.
Rb7 Bc2 28. Qa6 Qe1+ 29. Kh2 Qe3 30. Qc4 Bd3 31. Qa4 c4 32. g3 Qf2+ 33. Bg2 Be4
0-1

[Event "Politiken Cup"]
[Site "Copenhagen"]
[Date "2006.07.25"]
[Round "4.89"]
[White "Jorgensen, Orla Eilegaard"]
[Black "Pedersen, Bent O"]
[Result "1-0"]
[WhiteElo "1771"]
[BlackElo "2027"]
[PlyCount "80"]
[EventDate "2006.??.??"]

1. f4 Nf6 2. Nf3 Nc6 3. b3 d6 4. e3 Bg4 5. Bb2 e5 6. fxe5 Nxe5 7. Be2 Ne4 8.
O-O Bxf3 9. Bxf3 Qh4 10. d3 Ng5 11. Bxe5 dxe5 12. Bxb7 Rb8 13. Bc6+ Kd8 14. Nd2
Bc5 15. Qe2 Qh6 16. Be4 Nh3+ 17. Kh1 Ng5 18. Nc4 f6 19. Qg4 Ke7 20. d4 Rhd8 21.
Bc6 Bb4 22. dxe5 Bc3 23. Rad1 Nf7 24. exf6+ gxf6 25. Qe4+ Kf8 26. Qf3 Kg7 27.
Qf4 Qh5 28. Bf3 Qc5 29. Be4 Qe7 30. Rxd8 Rxd8 31. Qf5 Ng5 32. Bd3 Re8 33. h4
Ne4 34. Bxe4 Qxe4 35. Qxe4 Rxe4 36. g3 Bb4 37. Rd1 Kg6 38. Rd4 Re7 39. Kg2 h5
40. Kf3 Bc5 1-0

[Event "Politiken Cup"]
[Site "Copenhagen"]
[Date "2006.07.25"]
[Round "4.90"]
[White "Dawson, Jeffery R"]
[Black "Forsmann, Henning"]
[Result "1-0"]
[WhiteElo "2009"]
[BlackElo "1828"]
[PlyCount "71"]
[EventDate "2006.??.??"]

1. e4 c6 2. d4 d5 3. e5 Bf5 4. Ne2 e6 5. Ng3 Bg6 6. Bd3 Bxd3 7. Qxd3 c5 8. Be3
cxd4 9. Bxd4 Nc6 10. O-O Nge7 11. c3 Nxd4 12. cxd4 Nc6 13. Nc3 a6 14. Nge2 Be7
15. Rac1 O-O 16. f4 f5 17. Kh1 Qe8 18. Ng1 Qg6 19. Nf3 h5 20. Ne2 h4 21. Neg1
Kf7 22. Nh3 Rh8 23. Nhg5+ Ke8 24. Qb3 Nd8 25. Qb6 Rh6 26. Rc7 Kf8 27. Rfc1 Qe8
28. Rc8 Rxc8 29. Rxc8 Qd7 30. Qc7 Qe8 31. Kg1 Kg8 32. Nd2 Rg6 33. Ndf3 Rh6 34.
Kf2 Kh8 35. Nf7+ Qxf7 36. Rxd8+ 1-0

[Event "Politiken Cup"]
[Site "Copenhagen"]
[Date "2006.07.25"]
[Round "4.91"]
[White "Lavresen, Frands Winther"]
[Black "Asbjornsson, Ingvar"]
[Result "0-1"]
[WhiteElo "1764"]
[BlackElo "2007"]
[PlyCount "88"]
[EventDate "2006.??.??"]

1. f4 g6 2. Nf3 Bg7 3. d4 d6 4. e4 c5 5. dxc5 Qa5+ 6. c3 Qxc5 7. Qd5 Qxd5 8.
exd5 Nf6 9. c4 O-O 10. Bd3 b5 11. Nc3 bxc4 12. Bxc4 Ba6 13. Bb3 Nbd7 14. Be3
Rfc8 15. Nd4 Bb7 16. Ba4 Kf8 17. Bc6 Bxc6 18. Nxc6 Nb6 19. Bxb6 axb6 20. Rc1
Ng4 21. Kd2 Bxc3+ 22. Rxc3 Rxa2 23. Rb3 Nf6 24. Nb4 Ra5 25. Rc1 Rxc1 26. Kxc1
Rc5+ 27. Rc3 Kg7 28. Kd1 Rb5 29. Rc4 Nxd5 30. Nxd5 Rxd5+ 31. Kc2 h5 32. Kc3 Rc5
33. b4 Rf5 34. g3 Kf6 35. h3 b5 36. Re4 e5 37. Kd3 d5 38. fxe5+ Ke6 39. Re2 h4
40. g4 Rf4 41. Re3 Rxb4 42. Kc3 d4+ 43. Kxb4 dxe3 44. Kc3 b4+ 0-1

[Event "Politiken Cup"]
[Site "Copenhagen"]
[Date "2006.07.25"]
[Round "4.92"]
[White "Skovgaard, Tom"]
[Black "Andersen, Mads"]
[Result "1/2-1/2"]
[WhiteElo "2004"]
[BlackElo "1794"]
[PlyCount "57"]
[EventDate "2006.??.??"]

1. g3 d5 2. Bg2 c6 3. d3 e5 4. Nd2 Be6 5. Ngf3 Nd7 6. O-O Be7 7. e4 dxe4 8.
dxe4 Qc7 9. Qe2 Rd8 10. a4 h6 11. Nc4 Ngf6 12. a5 O-O 13. Nh4 Nc5 14. Nf5 Bxf5
15. exf5 Rfe8 16. b4 Ncd7 17. Be3 Bxb4 18. Bxa7 Bc5 19. Bxc5 Nxc5 20. Rfd1 Nd5
21. Bxd5 cxd5 22. Nb6 d4 23. Qc4 Na6 24. Qxc7 Nxc7 25. Rab1 Nd5 26. Re1 Nxb6
27. Rxb6 Rd5 28. Rxb7 Rxa5 29. Rd7 1/2-1/2

[Event "Politiken Cup"]
[Site "Copenhagen"]
[Date "2006.07.25"]
[Round "4.93"]
[White "Bergvoll, Mats"]
[Black "Bjornes, Leif"]
[Result "1-0"]
[WhiteElo "2003"]
[BlackElo "1710"]
[PlyCount "47"]
[EventDate "2006.??.??"]

1. e4 c6 2. d4 d5 3. Nc3 dxe4 4. Nxe4 Nf6 5. Nxf6+ gxf6 6. c3 Bf5 7. Nf3 e6 8.
g3 Qc7 9. Bg2 Nd7 10. O-O Be4 11. Re1 f5 12. Ng5 Nf6 13. Nxe4 Nxe4 14. Bxe4
fxe4 15. Rxe4 O-O-O 16. Bf4 Bd6 17. Bxd6 Qxd6 18. Qf3 f5 19. Re5 h5 20. Rae1
Rh6 21. Qe3 f4 22. Qxf4 Rg6 23. Qf7 Rdg8 24. Rxe6 1-0